Правовое регулирование туристической деятельности: учебное пособие

Bibliographische Detailangaben
1. Verfasser: Бирюков П. Н. Павел Николаевич
Weitere Verfasser: Хамова Ю. А. Юлия Александровна
Zusammenfassung:В пособии рассматриваются основные институты туристской деятельности, правовой статус участников туристской деятельности, возникающие в этой сфере споры, положения соответствующих международных документов, российского законодательства, а также некоторые нормы иностранного права. Для широкого круга читателей, интересующихся вопросами туристской деятельности.
Sprache:Russisch
Veröffentlicht: Москва, Юристъ, 2009
Schriftenreihe:Institutiones
Schlagworte:
Format: MixedMaterials Buch
KOHA link:https://koha.lib.tpu.ru/cgi-bin/koha/opac-detail.pl?biblionumber=158029

MARC

LEADER 00000nam0a2200000 4500
001 158029
005 20231031154202.0
010 |a 9785797509608 
035 |a (RuTPU)RU\TPU\book\171408 
090 |a 158029 
100 |a 20090416d2009 m y0rusy50 ca 
101 0 |a rus 
102 |a RU 
105 |a y j 000zy 
200 1 |a Правовое регулирование туристической деятельности  |e учебное пособие  |f П. Н. Бирюков, Ю. А. Хамова 
210 |a Москва  |c Юристъ  |d 2009 
215 |a 319 с. 
225 1 |a Institutiones 
330 |a В пособии рассматриваются основные институты туристской деятельности, правовой статус участников туристской деятельности, возникающие в этой сфере споры, положения соответствующих международных документов, российского законодательства, а также некоторые нормы иностранного права. Для широкого круга читателей, интересующихся вопросами туристской деятельности. 
606 1 |a Туристская деятельность  |x Правовое положение  |2 stltpush  |3 (RuTPU)RU\TPU\subj\27938  |y Российская Федерация 
610 1 |a туризм 
610 1 |a туристское право 
610 1 |a нормы 
610 1 |a региональные организации 
610 1 |a Европейский Союз 
610 1 |a Европейское Сообщество 
610 1 |a иностранцы 
610 1 |a Федеральное агентство по туризму 
610 1 |a Министерство иностранных дел 
610 1 |a Министерство внутренних дел 
610 1 |a Федеральная миграционная служба 
610 1 |a Федеральная служба безопасности 
610 1 |a Федеральная таможенная служба 
610 1 |a государственное регулирование 
610 1 |a стандартизация 
610 1 |a страхование 
610 1 |a визы 
610 1 |a безвизовые поездки 
610 1 |a туристский бизнес 
610 1 |a туристский продукт 
610 1 |a туристские ресурсы 
610 1 |a туроператоры 
610 1 |a турагенты 
610 1 |a туристские договоры 
610 1 |a туристские путевки 
610 1 |a правовой статус 
610 1 |a туристы 
610 1 |a экскурсанты 
610 1 |a клубный отдых 
610 1 |a национальные парки 
610 1 |a права 
610 1 |a обязанности 
610 1 |a перевозки 
610 1 |a багаж 
610 1 |a автомобильные перевозки 
610 1 |a железодорожные перевозки 
610 1 |a иски 
610 1 |a право 
610 1 |a санитарно-карантийный контроль 
610 1 |a пограничный контроль 
610 1 |a иммиграционный контроль 
610 1 |a таможенный контроль 
610 1 |a уголовная ответственность 
610 1 |a административная ответственность 
610 1 |a учебные пособия 
610 1 |a международные организации 
610 1 |a сертификация 
610 1 |a визовый режим 
610 1 |a туристская индустрия 
610 1 |a международные перевозки 
610 1 |a банковская гарантия 
686 |a Х623.2я73  |v LBC/SL-A  |2 rubbk 
700 1 |a Бирюков  |b П. Н.  |g Павел Николаевич 
701 1 |a Хамова  |b Ю. А.  |g Юлия Александровна 
801 1 |a RU  |b 63413507  |c 20090416  |g PSBO 
801 2 |a RU  |b 63413507  |c 20200922  |g PSBO 
900 |a Правовое регулирование в туризме 
900 |a Правовое обеспечение социально-культурного сервиса и туризма 
942 |c BK 
959 |a 50/20090416  |d 2  |e 83,00  |f АНЛ:1  |f ЧЗГЛ:1 
959 |a 99/20090924  |d 3  |e 0  |f УФ:3